Zhodnotenie aktuálneho stavu bankovej únie bakalárska práca

Uložené v:
Podrobná bibliografia
Hlavný autor: Tkáčová, Martina
Korporativný autor: Národohospodárska fakulta EU. Katedra bankovníctva a medzinárodných financií
Ďalší autori: Košťálová, Zuzana
Médium: Kniha
Jazyk:Slovak
Vydavateľské údaje: Bratislava 2019
Tagy: Pridať tag
Žiadne tagy, Buďte prvý, kto otaguje tento záznam!

MARC

LEADER 00000nbm a2200000 4500
001 0256486
005 20190729122931.6
041 0 |a slo 
044 |a SK 
245 1 0 |a Zhodnotenie aktuálneho stavu bankovej únie  |b bakalárska práca  |c Martina Tkáčová ; školiteľ: Zuzana Košťálová 
264 1 |a Bratislava  |c 2019 
300 |a 42 s. 
100 1 |a Tkáčová, Martina 
700 1 |a Košťálová, Zuzana 
710 2 |a Národohospodárska fakulta EU. Katedra bankovníctva a medzinárodných financií